01350 a2200277 45000010006000000050017000060080041000230030015000640400040000790800047001192450104001660200018002702640045002883000018003335050203003511000023005547000023005777000019006007000023006197000163006427000011008057000026008167000017008427000022008598560191008812712020260407155548.0260407a2011 arg spa dAR-UNSa-BCEJYS aAR-UNSa-BCEJYSbspacAR-UNSa-BCEJYS a336.5xGasto público. Gastos del estado 10aEl impacto redistributivo del gasto público social dirigido a la niñez en la Provincia de Salta a987-25436-0-0 1aSalta :bArtes Gráficas Crivellic2011 a75 p.c30 cm. a1. Introducción - 2. Antecedentes de estudios similares - 3. Políticas públicas dirigidas a la niñez y a la adolescencia en Salta - 4. Datos y metodología - 5. Resultados - 6. Conclusiones1 aPaz, Jorge Augusto1 aJimenéz, Maribel1 aCasanova, Luis1 aHarriague, Marcela1 aUniversidad Nacional de Salta. Facultad de Ciencias Económicas, Jurídicas y Sociales. Instituto de Estudios Laborales y del Desarrollo Económico (IELDE)1 aUNICEF1 aIbarra, Pedro Marcelo1 aSant, Marcos1 aFundación Arcor41uhttps://biblioeco.unsa.edu.ar/pmb/images/libros/El impacto redistribucion del Gasto Publico Social dirigido a la ninez en la provincia de Salta-l118571.jpgyImagen de portadaqimage/jpeg